[Event "Dortmund op-B"]
[Site "Dortmund"]
[Date "2009.07.12"]
[Round "9"]
[White "Hansen, Jochen"]
[Black "Schuermann, Jan"]
[Result "0-1"]
[WhiteElo "1353"]
[BlackElo "1754"]
[PlyCount "56"]
[EventDate "2009.07.04"]
[EventType "swiss"]
[EventRounds "9"]
[EventCountry "GER"]
[SourceTitle "EXT 2012"]
[Source "ChessBase"]
[SourceDate "2011.11.24"]
[SourceVersion "1"]
[SourceVersionDate "2011.11.24"]
[SourceQuality "1"]

1. e4 c5 2. c3 d5 3. exd5 Qxd5 4. d4 Nf6 5. Nf3 e6 6. Be2 Nc6 7. 0-0 cxd4 8. cxd4 Be7 9. Nc3 Qd6 10. a3 0-0 11. Be3 Rd8 12. Nb5 Qd7 13. Ne5 Nxe5 14. dxe5 Nd5 15. Bc1 a6 16. Nd4 b5 17. Qc2 Bb7 18. Nf3 Rac8 19. Qd2 Qc7 20. Bd1 b4 21. Be2 bxa3 22. h3 Nb4 23. Qf4 Nc2 24. Ng5 Bxg5 25. Qxg5 Nxa1 26. Qg3 Qxc1 27. Rxc1 Rxc1+ 28. Kh2 axb2 0-1

[Event "Dortmund op-B"]
[Site "Dortmund"]
[Date "2009.07.11"]
[Round "8"]
[White "Grunwald, Guenther"]
[Black "Hansen, Jochen"]
[Result "0-1"]
[WhiteElo "1719"]
[BlackElo "1353"]
[PlyCount "68"]
[EventDate "2009.07.04"]
[EventType "swiss"]
[EventRounds "9"]
[EventCountry "GER"]
[SourceTitle "EXT 2012"]
[Source "ChessBase"]
[SourceDate "2011.11.24"]
[SourceVersion "1"]
[SourceVersionDate "2011.11.24"]
[SourceQuality "1"]

1. e4 c5 2. c3 d6 3. d4 cxd4 4. cxd4 Nf6 5. Nc3 e6 6. Nf3 Be7 7. Be2 0-0 8. 0-0 Nbd7 9. h3 b6 10. e5 Nd5 11. Nxd5 exd5 12. Bf4 dxe5 13. Nxe5 Nxe5 14. Bxe5 Bf6 15. f4 Bh4 16. f5 f6 17. Bh2 Bg5 18. Rf3 Re8 19. Bb5 Bd7 20. Bxd7 Qxd7 21. Kf1 Qb5+ 22. Kg1 Re2 23. Rb3 Qe8 24. Kf1 Rd2 25. Qf3 Rxd4 26. Re1 Qc6 27. Rc3 Qb5+ 28. Qe2 Qd7 29. Qe6+ Qxe6 30. fxe6 Bd2 31. Rc7 Bxe1 32. e7 Re8 33. Kxe1 Re4+ 34. Kd2 R4xe7 0-1

[Event "Dortmund op-B"]
[Site "Dortmund"]
[Date "2009.07.04"]
[Round "1"]
[White "Hansen, Jochen"]
[Black "Ziemek, Gerhard"]
[Result "1/2-1/2"]
[WhiteElo "1353"]
[BlackElo "1710"]
[PlyCount "57"]
[EventDate "2009.07.04"]
[EventType "swiss"]
[EventRounds "9"]
[EventCountry "GER"]
[SourceTitle "EXT 2012"]
[Source "ChessBase"]
[SourceDate "2011.11.24"]
[SourceVersion "1"]
[SourceVersionDate "2011.11.24"]
[SourceQuality "1"]

1. e4 c5 2. c3 Nc6 3. d4 cxd4 4. cxd4 Nf6 5. Nc3 d6 6. Nf3 g6 7. Be2 Bg7 8. 0-0 0-0 9. Bf4 Nh5 10. Be3 a6 11. Qd2 f5 12. exf5 Bxf5 13. Bh6 Nf6 14. Bxg7 Kxg7 15. d5 Nb8 16. Nd4 Bd7 17. Qe3 b5 18. Bf3 Ng4 19. Bxg4 Bxg4 20. Nce2 Rf6 21. Nf4 Kg8 22. Rfe1 Qe8 23. Nfe6 Bxe6 24. Nxe6 Qd7 25. Qh6 Rf7 26. Ng5 Rg7 27. Ne6 Rf7 28. Ng5 Rg7 29. Ne6 1/2-1/2

[Event "Dortmund Sparkassen op-B"]
[Site "Dortmund"]
[Date "2008.07.05"]
[Round "8"]
[White "Weiss, Malte"]
[Black "Hansen, Jochen"]
[Result "1/2-1/2"]
[WhiteElo "1659"]
[BlackElo "1355"]
[PlyCount "83"]
[EventDate "2008.06.30"]
[EventType "swiss"]
[EventRounds "9"]
[EventCountry "GER"]
[SourceTitle "EXT 2022"]
[Source "ChessBase"]
[SourceDate "2021.10.06"]
[SourceVersion "1"]
[SourceVersionDate "2021.10.06"]
[SourceQuality "1"]

1. e4 c5 2. c4 d6 3. Ne2 Nc6 4. d4 cxd4 5. Nxd4 Nf6 6. Nc3 e6 7. Be2 Be7 8. Be3 0-0 9. 0-0 e5 10. Nc2 Be6 11. f3 Nd7 12. Qd2 Nb6 13. b3 h6 14. Rad1 Nc8 15. f4 f5 16. Bd3 Nb6 17. Nb5 Qd7 18. exf5 Bxf5 19. Bxf5 Qxf5 20. fxe5 Qxe5 21. Nc7 Rxf1+ 22. Rxf1 Rf8 23. Rxf8+ Bxf8 24. Bxb6 axb6 25. Qd5+ Kh8 26. Qxe5 dxe5 27. Kf2 Kg8 28. Ke3 Kf7 29. Ke4 Bc5 30. Nd5 Ke6 31. Nce3 Nb4 32. Nxb4 Bxb4 33. Nd5 Bc5 34. h3 g6 35. Ne3 Bd4 36. Nd5 Kd6 37. b4 Ke6 38. a4 Kd6 39. Nf6 Bc3 40. Nd5 Bd4 41. g4 Ke6 42. Ne3 1/2-1/2

[Event "Dortmund Sparkassen op-B"]
[Site "Dortmund"]
[Date "2008.07.02"]
[Round "4"]
[White "Ropers, Klaus"]
[Black "Hansen, Jochen"]
[Result "1-0"]
[WhiteElo "1756"]
[BlackElo "1355"]
[PlyCount "65"]
[EventDate "2008.06.30"]
[EventType "swiss"]
[EventRounds "9"]
[EventCountry "GER"]
[SourceTitle "EXT 2022"]
[Source "ChessBase"]
[SourceDate "2021.10.06"]
[SourceVersion "1"]
[SourceVersionDate "2021.10.06"]
[SourceQuality "1"]

1. d4 d5 2. Nf3 Nf6 3. c4 e6 4. g3 Be7 5. Bg2 0-0 6. 0-0 c5 7. cxd5 exd5 8. dxc5 Bxc5 9. Bg5 Nc6 10. Nc3 h6 11. Bxf6 Qxf6 12. Qxd5 Bb6 13. Rfd1 Rd8 14. Qb5 Bg4 15. Nd5 Qf5 16. Qxc6 bxc6 17. Ne7+ Kf8 18. Nxf5 Bxf5 19. Ne5 Rac8 20. Nxc6 Re8 21. e3 Rc7 22. Nd4 Bg6 23. Rac1 Rce7 24. Nc6 Re6 25. Rd7 Rc8 26. Rc3 a5 27. Rb7 Bd8 28. Bd5 Rd6 29. e4 f5 30. f3 fxe4 31. fxe4 Bf6 32. Rc4 Bd8 33. Ne5 1-0

[Event "Dortmund2"]
[Site "Dortmund"]
[Date "2006.04.28"]
[Round "2"]
[White "Wengelnik, Erwin"]
[Black "Hansen, Jochen"]
[Result "1/2-1/2"]
[WhiteElo "1238"]
[BlackElo "1232"]
[PlyCount "49"]
[EventDate "2006.04.25"]
[EventType "tourn"]
[EventRounds "11"]
[EventCountry "GER"]
[SourceTitle "EXT 2007"]
[Source "ChessBase"]
[SourceDate "2006.11.23"]
[SourceVersion "1"]
[SourceVersionDate "2006.11.23"]
[SourceQuality "1"]

1. d4 d5 2. Nf3 Nf6 3. Bf4 e6 4. c3 Nbd7 5. h3 Be7 6. e3 0-0 7. Bd3 c5 8. 0-0 c4 9. Be2 Nh5 10. Bh2 Nhf6 11. Qc2 Ne4 12. Nbd2 Nxd2 13. Qxd2 Nf6 14. Qc2 Bd6 15. Bxd6 Qxd6 16. Nd2 b5 17. e4 dxe4 18. Nxe4 Nxe4 19. Qxe4 Qd5 20. Qxd5 exd5 21. Bf3 Be6 22. Rfe1 Rfe8 23. Re2 Kf8 24. Rae1 Rad8 25. Kf1 1/2-1/2

[Event "Dortmund FSV op"]
[Site "Dortmund"]
[Date "2006.02.16"]
[Round "4"]
[White "Hansen, Jochen"]
[Black "Dahlmann, Wolfgang"]
[Result "1-0"]
[WhiteElo "1224"]
[BlackElo "1000"]
[PlyCount "51"]
[EventDate "2006.01.19"]
[EventType "swiss"]
[EventRounds "9"]
[EventCountry "GER"]
[SourceTitle "EXT 2007"]
[Source "ChessBase"]
[SourceDate "2006.11.23"]
[SourceVersion "1"]
[SourceVersionDate "2006.11.23"]
[SourceQuality "1"]

1. e4 c6 2. Nf3 d5 3. exd5 cxd5 4. d4 Nf6 5. Bf4 Nc6 6. Bb5 Bd7 7. 0-0 e6 8. c3 a6 9. Bd3 Be7 10. Re1 0-0 11. Qc2 b5 12. Nbd2 Qb6 13. Ne5 Bc8 14. Ndf3 b4 15. Ng5 g6 16. Qd2 bxc3 17. bxc3 a5 18. Ngf3 Rd8 19. Bh6 Ba6 20. Ng5 Bf8 21. Ngxf7 Ne4 22. Bxe4 Rdb8 23. Bf3 Nxe5 24. Nxe5 Qb2 25. Qxb2 Rxb2 26. Bxf8 1-0

[Event "Dortmund FSV op"]
[Site "Dortmund"]
[Date "2006.01.26"]
[Round "2"]
[White "Voepel, Karl Heinz"]
[Black "Hansen, Jochen"]
[Result "1-0"]
[WhiteElo "1671"]
[BlackElo "1224"]
[PlyCount "109"]
[EventDate "2006.01.19"]
[EventType "swiss"]
[EventRounds "9"]
[EventCountry "GER"]
[SourceTitle "EXT 2007"]
[Source "ChessBase"]
[SourceDate "2006.11.23"]
[SourceVersion "1"]
[SourceVersionDate "2006.11.23"]
[SourceQuality "1"]

1. e4 c5 2. Nf3 d6 3. d4 cxd4 4. Nxd4 Nf6 5. Nc3 a6 6. Be2 e6 7. f4 Be7 8. Be3 0-0 9. 0-0 b5 10. a3 Bb7 11. Bf3 Qc7 12. g4 d5 13. exd5 Bxd5 14. g5 Bxf3 15. Qxf3 Nd5 16. Nxd5 exd5 17. Qxd5 Nd7 18. c3 Nb6 19. Qg2 Nc4 20. Rae1 Bc5 21. Re2 Rad8 22. Qf2 Qd6 23. Nf5 Bxe3 24. Nxe3 Nxe3 25. Qxe3 Qd3 26. Qxd3 Rxd3 27. Rfe1 g6 28. Kf2 Rfd8 29. Re8+ Rxe8 30. Rxe8+ Kg7 31. Re3 Rd2+ 32. Re2 Rd3 33. Ke1 Rf3 34. Rf2 Re3+ 35. Kd2 Rh3 36. Kc2 Re3 37. b3 f5 38. a4 Kf7 39. axb5 axb5 40. Kd2 Re4 41. Kd3 Ke6 42. Re2 Rxe2 43. Kxe2 Kd5 44. Kd3 Kc5 45. c4 bxc4+ 46. bxc4 Kc6 47. Kd4 Kd6 48. c5+ Kc6 49. Kc4 Kc7 50. Kd5 Kd7 51. c6+ Kc7 52. Kc5 Kc8 53. Kd6 Kd8 54. c7+ Kc8 55. Kc6 1-0

[Event "Dortmund ABC Serie Anfaenger-23"]
[Site "Dortmund"]
[Date "2005.04.16"]
[Round "2"]
[White "Mueller, Michaela"]
[Black "Hansen, Jochen"]
[Result "0-1"]
[WhiteElo "1124"]
[BlackElo "1225"]
[PlyCount "136"]
[EventDate "2005.04.13"]
[EventType "tourn"]
[EventRounds "13"]
[EventCountry "GER"]
[SourceTitle "EXT 2007"]
[Source "ChessBase"]
[SourceDate "2006.11.23"]
[SourceVersion "1"]
[SourceVersionDate "2006.11.23"]
[SourceQuality "1"]

1. d4 d5 2. e4 dxe4 3. Nc3 Nf6 4. f3 Nc6 5. fxe4 Bg4 6. Be2 Qxd4 7. Nf3 Qc5 8. Qd3 a6 9. Na4 Qb4+ 10. Nc3 e5 11. 0-0 Bc5+ 12. Kh1 0-0 13. Nh4 Rad8 14. Qc4 Qxc4 15. Bxc4 Rd7 16. Nf5 Rfd8 17. Bg5 Bxf5 18. Rxf5 Be7 19. Raf1 Rd6 20. h3 Nd4 21. R5f2 b5 22. Bd3 R8d7 23. Be3 c5 24. Bxd4 cxd4 25. Ne2 Bd8 26. a3 Bb6 27. b4 Bd8 28. Ng3 Ne8 29. Nf5 Rf6 30. g4 g6 31. Ng3 Rc6 32. Rc1 Bh4 33. Kg2 Bg5 34. Rb1 Bf4 35. Ne2 Rf6 36. Ng1 Rc7 37. Nf3 Kg7 38. Rb2 Nd6 39. Ra2 Nc4 40. Kf1 Rfc6 41. Ne1 Ne3+ 42. Kg1 g5 43. Ng2 Rh6 44. Rf3 Rcc6 45. Kf2 Rcf6 46. Ra1 Nxg2 47. Kxg2 Be3 48. Raf1 Rxf3 49. Rxf3 Rf6 50. Rxf6 Kxf6 51. Kf3 Bc1 52. Kg3 Bxa3 53. Kf3 Bxb4 54. Ke2 Ke6 55. Kd1 Kd6 56. Kc1 Kc5 57. Kb2 a5 58. Kb3 a4+ 59. Ka2 h6 60. Kb1 Ba3 61. Ka2 Kb4 62. Kb1 f6 63. Ka2 Bc1 64. Be2 a3 65. Bd3 Kc3 66. Kb1 Bb2 67. Ka2 b4 68. Kb1 b3 0-1

[Event "Dortmund-ch"]
[Site "Dortmund"]
[Date "2005.02.28"]
[Round "1"]
[White "Sonntag, Joachim"]
[Black "Hansen, Jochen"]
[Result "1-0"]
[WhiteElo "1757"]
[BlackElo "1374"]
[PlyCount "57"]
[EventDate "2005.02.28"]
[EventType "swiss"]
[EventRounds "9"]
[EventCountry "GER"]
[SourceTitle "CBM 105 Extra"]
[Source "ChessBase"]
[SourceDate "2005.05.01"]
[SourceVersion "1"]
[SourceVersionDate "2005.05.01"]
[SourceQuality "1"]

1. e4 e5 2. Nf3 Nc6 3. Bc4 Nf6 4. 0-0 Bc5 5. Nc3 0-0 6. a3 d6 7. h3 h6 8. Re1 a6 9. d3 b5 10. Ba2 Bb7 11. Nd5 Nd4 12. Ne3 Bc8 13. c3 Nc6 14. d4 Bb6 15. Nd5 Ba7 16. Qd3 Re8 17. Be3 exd4 18. Nxf6+ Qxf6 19. cxd4 Bb7 20. Rac1 Bb6 21. b4 Rad8 22. Bd5 Nxb4 23. axb4 Bxd5 24. exd5 Re7 25. Bd2 Rde8 26. Re3 Kf8 27. Ra1 Ra8 28. Rxe7 Qxe7 29. Qh7 1-0